<?xml version="1.0" encoding="UTF-8"?>
<record
    xmlns:xsi="http://www.w3.org/2001/XMLSchema-instance"
    xsi:schemaLocation="http://www.loc.gov/MARC21/slim http://www.loc.gov/standards/marcxml/schema/MARC21slim.xsd"
    xmlns="http://www.loc.gov/MARC21/slim">

  <leader>00894nam a2200205 a 4500</leader>
  <controlfield tag="008">      t1984    ag  |||g |||| 000 0 spa d</controlfield>
  <datafield tag="020" ind1=" " ind2=" ">
    <subfield code="a">9505470347</subfield>
  </datafield>
  <datafield tag="041" ind1=" " ind2=" ">
    <subfield code="a">spa</subfield>
  </datafield>
  <datafield tag="092" ind1=" " ind2=" ">
    <subfield code="c">808.068</subfield>
    <subfield code="l">78</subfield>
    <subfield code="s">SHU</subfield>
  </datafield>
  <datafield tag="100" ind1="1" ind2=" ">
    <subfield code="a">Shua, Ana Maria</subfield>
    <subfield code="9">2936</subfield>
  </datafield>
  <datafield tag="245" ind1=" " ind2="3">
    <subfield code="a">La sue&#xF1;era /</subfield>
    <subfield code="c">Ana Maria Shua</subfield>
  </datafield>
  <datafield tag="250" ind1=" " ind2=" ">
    <subfield code="a">1a ed.</subfield>
  </datafield>
  <datafield tag="260" ind1=" " ind2=" ">
    <subfield code="a">Buenos Aires:</subfield>
    <subfield code="b">Minotauro;</subfield>
    <subfield code="c">1984.</subfield>
  </datafield>
  <datafield tag="300" ind1=" " ind2=" ">
    <subfield code="a">109 p.</subfield>
  </datafield>
  <datafield tag="500" ind1=" " ind2=" ">
    <subfield code="a">Shua, A. M. (1984). La sue&#xF1;era. (1a ed.). Buenos Aires : Minotauro.</subfield>
  </datafield>
  <datafield tag="505" ind1=" " ind2=" ">
    <subfield code="a">Un lector compra La sue&#xF1;era, un libro que contiene 250 textos. Esa noche alcanza a leer los cinco primeros. En el sexto se queda dormido. Palabra por palabra, punto por punto, sue&#xF1;a los 244 restantes. Pero nunca lo sabr&#xE1;. Por eso vuelve al libro todas las noches. Lo mismo le suceder&#xE1; a usted. </subfield>
  </datafield>
  <datafield tag="590" ind1=" " ind2=" ">
    <subfield code="a">Donaci&#xF3;n Quadrini Liliana. Proyecto Literatura 4to libro</subfield>
  </datafield>
  <datafield tag="655" ind1=" " ind2=" ">
    <subfield code="a">Cuentos</subfield>
    <subfield code="9">2945</subfield>
  </datafield>
  <datafield tag="942" ind1=" " ind2=" ">
    <subfield code="2">ddc</subfield>
    <subfield code="c">LIT</subfield>
  </datafield>
  <datafield tag="999" ind1=" " ind2=" ">
    <subfield code="c">2467</subfield>
    <subfield code="d">2467</subfield>
  </datafield>
  <datafield tag="952" ind1=" " ind2=" ">
    <subfield code="0">0</subfield>
    <subfield code="1">0</subfield>
    <subfield code="2">ddc</subfield>
    <subfield code="4">0</subfield>
    <subfield code="7">0</subfield>
    <subfield code="8">NFIC</subfield>
    <subfield code="a">BFM</subfield>
    <subfield code="b">BFM</subfield>
    <subfield code="c">CR</subfield>
    <subfield code="d">2017-09-25</subfield>
    <subfield code="e">Donacion  Quadrini Liliana .Proyecto 4to libro setiembre 2017.</subfield>
    <subfield code="l">0</subfield>
    <subfield code="o">808.068 78 SHU</subfield>
    <subfield code="p">3940</subfield>
    <subfield code="r">2017-09-25</subfield>
    <subfield code="t">EJ.1</subfield>
    <subfield code="w">2017-09-25</subfield>
    <subfield code="y">LIT</subfield>
    <subfield code="z">Proyecto 4to libro. Donaci&#xF3;n  Quadrini Liliana, septiembre 2017.</subfield>
  </datafield>
</record>
